000 00304nam a22001337a 4500
008 170529b xxu||||| |||| 00| 0 eng d
020 _a9780340691434
041 _aeng
080 _a621.38
100 _a26
101 _aIM
245 _aINTRODUCTION TO POWER ELECTRONICS
_cFEWSON, D
942 _2udc
_cBK
999 _c14896
_d14896